Statistiken für Alle bisherigen FIFA-Tor-des-Jahres-Gewinner

Klicken Sie hier um das Quiz zu spielen!

Allgemein

  • Dieses Quiz wurde 120 mal gespielt
  • Das Durchschnittsergebnis liegt bei 3 aus 11

Antwortstatistiken

JahrSieger% Korrekt
2009Cristiano Ronaldo
89%
2013Zlatan Ibrahimovic
57%
2011Neymar
49%
2018Mohamed Salah
41%
2017Olivier Giroud
34%
2014James Rodríguez
25%
2012Miroslav Stoch
11%
2010Hamit Altintop
10%
2015Wendell Lira
6%
2019Dániel Zsóri
5%
2016Mohd Faiz Subri
5%

Verteilung der Resultate

Perzentil nach korrekt beantworteten Fragen

Anzahl Personen mit jedem Resultat

Ihre Resultats-Entwicklung

Sie haben dieses Quiz noch nicht gespielt